| 000 | 00438nam a2200181Ia 4500 | ||
|---|---|---|---|
| 005 | 20240823010455.0 | ||
| 008 | 240823s9999||||xx |||||||||||||| ||und|| | ||
| 041 | _aENGLISH | ||
| 082 | _A428.2407 M3 | ||
| 100 | _a"Revell,jane" | ||
| 245 | 0 | _aTeaching techniques for communicative English | |
| 250 | _a1st | ||
| 260 |
_c1983 _b"Macmillan,London" |
||
| 500 | _aTransfered | ||
| 650 |
_aENG _bEnglish |
||
| 942 | _cBK | ||
| 999 |
_c158724 _d158724 |
||